000 00577nam a2200193 i 4500
001 68412
003 ES-MaACL
005 20250827062612.0
007 t|
008 931025s1841 sp ||||1| spa d
110 1 _aEspaña
_93622
240 0 0 _aLeyes, etc.
245 1 0 _aGuia de la Hacienda Pública
_b: parte legislativa de 1840 /
_c... por Antonio Garcia Jimenez.
260 _aMadrid :
_b[s.n.],
_c1841 (
_fImp. de Jose Palacios)
300 _a561 p. ;
_c16 cm.
700 1 _aGarcía Jiménez, Antonio.
_954796
852 _aES-MaACL
_jG-10580
999 _c68412
_d68412